书目信息 |
| 题名: |
DNA多面体的数学理论与方法研究
|
|
| 作者: | 邓涛 著 | |
| 分册: | ||
| 出版信息: | 北京 中国水利水电出版社 2017.1 |
|
| 页数: | 157页 | |
| 开本: | 24cm | |
| 丛书名: | ||
| 单 册: | ||
| 中图分类: | Q523 | |
| 科图分类: | ||
| 主题词: | 脱氧核糖核酸--生物数学--方法研究 | |
| 电子资源: | ||
| ISBN: | 978-7-5170-4775-9 | |
| 000 | 01215nam0 2200229 450 | |
| 001 | 0400009434 | |
| 005 | 20171120214532.0 | |
| 010 | @a978-7-5170-4775-9@dCNY42.00 | |
| 100 | @a20170215d2017 em y0chiy50 ea | |
| 101 | 0 | @achi |
| 102 | @aCN@b110000 | |
| 105 | @aa z 000yy | |
| 106 | @ar | |
| 200 | 1 | @aDNA多面体的数学理论与方法研究@ADNA duo mian ti de shu xue li lun yu fang fa yan jiu@f邓涛著 |
| 210 | @a北京@c中国水利水电出版社@d2017.1 | |
| 215 | @a157页@c图@d24cm | |
| 330 | @a本书是研究人工合成DNA纳米材料中DNA多面体结构和病毒衣壳蛋白结构的数学表征,属于生物数学中的新方法和新技术。近年来实验中合成的大量新颖奇特的DNA多面体己成为生化纳米技术领域的前沿和焦点,但这些DNA和病毒等多面体的形成规律与它们的数学性质之间的联系却较少研究。本书主要目标就是试图解决或部分解决上述问题。书中以多面体链环等数学模型表征DNA多面体结构,运用运筹学中的图论,特别是拓扑学和纽结的相关理论,结合计算机程序,寻找和发掘DNA多面体组装和生成规律等这些复杂问题的最优解和近似最优解,最终期望能够进一步预测、判断和控制DNA多面体的物理、生物等方面的内在机理。 | |
| 606 | 0 | @a脱氧核糖核酸@x生物数学@x方法研究 |
| 690 | @aQ523@v5 | |
| 701 | 0 | @a邓涛@Adeng tao@4著 |
| 801 | 0 | @aCN@b上海新华@c20171120 |
| 905 | @b1028857-61@dQ523@e247@f5 | |
| DNA多面体的数学理论与方法研究/邓涛著.-北京:中国水利水电出版社,2017.1 |
| 157页:图;24cm |
| ISBN 978-7-5170-4775-9:CNY42.00 |
| 本书是研究人工合成DNA纳米材料中DNA多面体结构和病毒衣壳蛋白结构的数学表征,属于生物数学中的新方法和新技术。近年来实验中合成的大量新颖奇特的DNA多面体己成为生化纳米技术领域的前沿和焦点,但这些DNA和病毒等多面体的形成规律与它们的数学性质之间的联系却较少研究。本书主要目标就是试图解决或部分解决上述问题。书中以多面体链环等数学模型表征DNA多面体结构,运用运筹学中的图论,特别是拓扑学和纽结的相关理论,结合计算机程序,寻找和发掘DNA多面体组装和生成规律等这些复杂问题的最优解和近似最优解,最终期望能够进一步预测、判断和控制DNA多面体的物理、生物等方面的内在机理。 |
| ● |
| 相关链接 |
|
|
|
|
正题名:DNA多面体的数学理论与方法研究
索取号:Q523/247
 
预约/预借
| 序号 | 登录号 | 条形码 | 馆藏地/架位号 | 状态 | 备注 |
| 1 | 1028857 | 210288570 | 第二样本阅览室/ [索取号:Q523/247] | 在馆 | |
| 2 | 1028858 | 210288589 | 密集书库-生命科学系/ [索取号:Q523/247] | 在馆 | |
| 3 | 1028859 | 210288598 | 第三借阅区/ [索取号:Q523/247] | 在馆 | |
| 4 | 1028860 | 210288605 | 第三借阅区/ [索取号:Q523/247] | 在馆 | |
| 5 | 1028861 | 210288614 | 第三借阅区/ [索取号:Q523/247] | 在馆 |